| 000 | 00402nam a2200145Ia 4500 | ||
|---|---|---|---|
| 008 | 211109s9999||||xx |||||||||||||| ||und|| | ||
| 082 |
_a537.5 _bALB-E |
||
| 100 | _aAlbert, Arthur Lemuel | ||
| 245 | 0 | _aElectronics and Electron Devices | |
| 260 |
_bMACMILLAN COMPANY _aBOMBAY _c2000 |
||
| 300 | _a582p. | ||
| 630 | _xGeneral Stack | ||
| 650 |
_aElectronics _vVaccum tubePhysics _xPhysics |
||
| 942 | _cBOOK | ||
| 999 |
_c22345 _d22345 |
||